Clinical context for evidence-based nursing practice / (رقم التسجيلة. 21751)

تفاصيل مارك
000 -الفاتح
حقل البيانات ثابتة الطول 02079cam a22003974a 4500
001 - رقم الضبط
رقم الضبط 16108478
003 - محدد رقم الضبط
رقم الضبط OSt
005 - وقت وتاريخ اخر تعامل مع التسجيلة
رقم الضبط 20150408114018.0
008 - عناصر البيانات ثابتة الطول - معلومات عامة
حقل البيانات ثابتة الطول 100224s2010 enka b 001 0 eng
010 ## - رقم ضبط مكتبة الكونجرس
رقم ضبط مكتبة الكونجرس 2010007737
016 7# - رقم ضبط الوكاله الوطنية للضبط الببليوجرافي
رقم ضبط التسجيلة 101525102
المصدر DNLM
020 ## - الرقم الدولى المعيارى للكتب
الرقم الدولى المعيارى للكتاب 9781405184335 (pbk. : alk. paper)
020 ## - الرقم الدولى المعيارى للكتب
الرقم الدولى المعيارى للكتاب 1405184337 (pbk. : alk. paper)
035 ## - رقم ضبط النظام
رقم ضبط النظام (OCoLC)ocn540015651
040 ## - مصدر الفهرسة
وكالة الفهرسة الأصلية DNLM/DLC
وكالة النسخ DLC
وكالة التعديل NLM
-- YDXCP
-- C#P
-- BWX
-- CDX
-- DLC
042 ## - رمز التحقق
رمز التحقق pcc
050 00 - رقم طلب مكتبة الكونجرس
رقم التصنيف RT84.5
رقم المادة .C567 2010
060 00 - رقم الطلب بالمكتبة الطبية الوطنية
رقم التصنيف 2010 J-437
060 10 - رقم الطلب بالمكتبة الطبية الوطنية
رقم التصنيف WY 100.7
رقم المادة C641 2010
082 00 - رقم تصنيف ديوى العشرى
رقم التصنيف 610.73
رقم الطبعة 22
245 00 - بيان العنوان
العنوان Clinical context for evidence-based nursing practice /
بيان المسئوليه,etc edited by Bridie Kent and Brendan McCormack.
260 ## - PUBLICATION, DISTRIBUTION, ETC. (IMPRINT)
مكان الناشر او الموزع Chichester, West Sussex ;
-- Ames, Iowa :
اسم الناشر او الموزع Blackwell Pub. :
-- Sigma Theta Tau International,
تاريخ النشر أو التوزيع 2010.
300 ## - الوصف المادى
التعداد xvi, 211 p. :
تفاصيل ماديه اخرى للوعاء ill. ;
أبعاد الوعاء 25 cm.
490 0# - بيان السلسلة
عنوان السلسلة The evidence-based nursing series
504 ## - تبصرة ببليوجرافية
تبصرة ببليوجرافية,الخ Includes bibliographical references and index.
505 0# - تبصرة محتويات-الفهرس
تبصرة المحتويات المصاغة Context: overview and application / Bridie Kent and Brendan McCormack -- Making context work in primary health care / John Rosenberg and Debbie Kralik -- Making context work in acute care / Alison Hutchinson and Tracey Bucknall -- Making context work in paediatrics / Valerie Wilson -- Making context work in the perioperative setting / Victoria M. Steelman -- Midwifery in the context of new and developing technologies / Marlene Sinclair -- Making context work in mental health / Dawn Freshwater and Jane Cahill -- Making context work in aged care / Nadine Janes -- Enabling context with policy / Gill Harvey -- Context in context / Bridie Kent and Brendan McCormack.
650 #0 - المدخل الاضافى بالموضوع-مصطلح موضوعى
مصطلح موضوعي أو اسم جغرافي كعنصر مدخل Evidence-based nursing.
650 #0 - المدخل الاضافى بالموضوع-مصطلح موضوعى
مصطلح موضوعي أو اسم جغرافي كعنصر مدخل Context effects (Psychology)
9 (RLIN) 13251
650 12 - المدخل الاضافى بالموضوع-مصطلح موضوعى
مصطلح موضوعي أو اسم جغرافي كعنصر مدخل Evidence-Based Nursing
التقسيم الفرعي العام methods.
9 (RLIN) 12801
650 22 - المدخل الاضافى بالموضوع-مصطلح موضوعى
مصطلح موضوعي أو اسم جغرافي كعنصر مدخل Clinical Competence.
9 (RLIN) 10114
700 1# - المدخل الاضافى - اسم شخصى
الإسم الشخصى Kent, Bridie.
9 (RLIN) 13252
700 1# - المدخل الاضافى - اسم شخصى
الإسم الشخصى McCormack, Brendan.
9 (RLIN) 13253
710 2# - المدخل الاضافى - اسم هيئه
اسم الهيئة أو اسم السلطة كمدخل Sigma Theta Tau International.
9 (RLIN) 13254
942 ## - عناصر المدخل الإضافي( كوها)
مصدر التصنيف او مخطط الترفيف Dewey Decimal Classification
Koha [default] item type كتاب
المقتنيات
حالة الفقد نموذج السعر الفعال حالة تلف ليس للاعارة رقم الطلب تاريخ الاكتساب الموقع الحالي الباركود الفرع الرئيسي Date last seen نوع المادة فى نظام كوها مصدر التصنيف او خطة الترفيف Total Checkouts
  2013-03-10     610.73 C L C 2012-05-10 المكتبة المركزية بالمجمعة (CL) 00086024 المكتبة المركزية بالمجمعة (CL) 2013-03-10 كتاب Dewey Decimal Classification  
  2013-03-10     610.73 C L C 2012-05-10 المكتبة المركزية بالمجمعة (CL) 00086023 المكتبة المركزية بالمجمعة (CL) 2013-03-10 كتاب Dewey Decimal Classification  
  2013-03-10     610.73 C L C 2012-05-16 مكتبة كلية العلوم الطبية التطبيقية بالمجمعة - طالبات (AMF) 00087407 مكتبة كلية العلوم الطبية التطبيقية بالمجمعة - طالبات (AMF) 2013-03-10 كتاب Dewey Decimal Classification  
  2013-03-10     610.73 C L C 2012-05-16 مكتبة كلية العلوم الطبية التطبيقية بالمجمعة - طالبات (AMF) 00087406 مكتبة كلية العلوم الطبية التطبيقية بالمجمعة - طالبات (AMF) 2013-03-10 كتاب Dewey Decimal Classification